Đôi điều trao đổi khi dạy bài thơ Đàn ghita của Lorca : Ngữ văn 12 /

Wedi'i Gadw mewn:
Manylion Llyfryddiaeth
Prif Awdur: Hà Thị Thu Thủy.
Fformat: Erthygl
Iaith:Vietnamese
Pynciau:
Tagiau: Ychwanegu Tag
Dim Tagiau, Byddwch y cyntaf i dagio'r cofnod hwn!
Thư viện lưu trữ: Thư viện Trường Đại học Đà Lạt
LEADER 00779nam a2200265 4500
001 DLU120133698
005 ##20120413
040 # # |a DLU  |b vie 
041 # # |a vie 
044 # # |a vn 
100 # # |a Hà Thị Thu Thủy. 
245 # # |a Đôi điều trao đổi khi dạy bài thơ Đàn ghita của Lorca :  |b Ngữ văn 12 /  |c Hà Thị Thu Thủy. 
653 # # |a Âm nhạc 
653 # # |a Biểu tượng 
653 # # |a Ngôn từ 
773 # # |t Tạp chí Giáo dục  |g Số 3(231), 2010, tr. 58-60 
920 # # |a Phòng Tạp chí -- Trung tâm Thông tin - Thư viện Trường Đại học Đà Lạt 
994 # # |a DLU 
900 # # |a True 
911 # # |a Nguyễn Thị Linh Chi 
925 # # |a G 
926 # # |a A 
927 # # |a BB 
980 # # |a Thư viện Trường Đại học Đà Lạt